000 00985nam a2200217 u 4500
003 AM-YeHGA
005 20250618072901.0
008 070413s1937 ai r 000 0 arm d
040 _aAM-YeHGA
041 1 _aarm
100 1 _aՎսեսվյատսկի, Բ.Վ
245 1 0 _aԲուսաբանություն :
_bԴասագիրք վոչ լրիվ միջնակարգ յեվ միջնակարգ դպրոցի 5-րդ յեվ 6-րդ դասարանների համար /
_cԲ.Վ. Վսեսվյատսկի; Թարգմ.՝ Մ. Զարաֆյանի ռուս. 5-րդ հրատ-ից.
250 _a2-րդ վերամշ. հրատ.
260 _aՅերևան :
_bՊետական հրատ.,
_c1937.
300 _a278 էջ :
_bնկ.
650 1 4 _aԲուսաբանություն
_vԴասագիրք
_94665
700 1 _aԶարաֆյան, Մ.
_eթարգմ.
_4trl.
856 4 _uhttp://greenstone.flib.sci.am/gsdl/collect/opac/books/Busabanutyun.pdf
_yԿարդալ առցանց
942 _2udc
_cBK
090 _c198888
999 _c197409
_d197409